000 00366nam a2200157Ia 4500
008 230312s9999||||xx |||||||||||||| ||und||
020 _a0-85670-576-4
082 _a711.4
_bKRI-U
100 _aKrier;Rob
245 0 _aUrban Space
260 _bAcademy Group
_aGermany
_c1991
300 _a174
546 _aEng.
650 _aArchitecture
_vUrban Space
942 _cBK
999 _c8317
_d8317